Global change and the human prospect (Record no. 131828)
[ view plain ]
| 000 -LEADER | |
|---|---|
| fixed length control field | 00501nam a22001577a 4500 |
| 003 - CONTROL NUMBER IDENTIFIER | |
| control field | ARRUPE |
| 005 - DATE AND TIME OF LATEST TRANSACTION | |
| control field | 20240306114852.0 |
| 008 - FIXED-LENGTH DATA ELEMENTS--GENERAL INFORMATION | |
| fixed length control field | 240306b |||||||| |||| 00| 0 eng d |
| 040 ## - CATALOGING SOURCE | |
| Transcribing agency | AJU |
| 050 ## - LIBRARY OF CONGRESS CALL NUMBER | |
| Classification number | HB849.S20 |
| 300 ## - PHYSICAL DESCRIPTION | |
| Dimensions | 23cm. |
| 245 ## - TITLE STATEMENT | |
| Title | Global change and the human prospect |
| Remainder of title | issues in population, science, technology and equity |
| Statement of responsibility, etc | Sigma Xi Forum proceedings |
| 260 ## - PUBLICATION, DISTRIBUTION, ETC. (IMPRINT) | |
| Place of publication, distribution, etc | USA |
| Name of publisher, distributor, etc | The scientific research society |
| Date of publication, distribution, etc | 1992 |
| 300 ## - PHYSICAL DESCRIPTION | |
| Extent | xvi, 294cm. ; |
| 650 ## - SUBJECT ADDED ENTRY--TOPICAL TERM | |
| Topical term or geographic name as entry element | Regulations |
| 9 (RLIN) | 52531 |
| 942 ## - ADDED ENTRY ELEMENTS (KOHA) | |
| Source of classification or shelving scheme | Library of Congress Classification |
| Koha item type | Monograph ( Printed materials) |
| Withdrawn status | Lost status | Source of classification or shelving scheme | Damaged status | Not for loan | Collection code | Home library | Current library | Shelving location | Date acquired | Total Checkouts | Full call number | Barcode | Date last seen | Price effective from | Koha item type |
|---|---|---|---|---|---|---|---|---|---|---|---|---|---|---|---|
| Library of Congress Classification | Main Collection | ARRUPE LIBRARY | ARRUPE LIBRARY | Main Collection | 06/03/2024 | HB849.S20 | 46700000360 | 06/03/2024 | 06/03/2024 | Monograph ( Printed materials) |